[Event "DSOL 04 Liga Gr-A 1st"]
[Site "Playchess.com INT"]
[Date "2020.07.24"]
[Round "5.2"]
[White "Kreuscher, Wolfgang"]
[Black "Luger, Jens"]
[Result "1-0"]
[WhiteElo "1926"]
[BlackElo "1827"]
[PlyCount "59"]
[EventDate "2020.06.22"]
[EventType "team-tourn (rapid)"]
[EventCountry "GER"]
[SourceTitle "EXT 2021"]
[Source "ChessBase"]
[SourceDate "2020.10.23"]
[SourceVersion "1"]
[SourceVersionDate "2020.10.23"]
[SourceQuality "1"]
[WhiteTeam "Ostertal"]
[BlackTeam "Dresden TuR"]
[WhiteTeamCountry "GER"]
[BlackTeamCountry "GER"]

1. d4 d6 2. e4 g6 3. Nc3 Bg7 4. Be3 Nf6 5. f3 c6 6. Qd2 h5 7. Nge2 b5 8. h4 a5 9. Nf4 Ba6 10. e5 dxe5 11. dxe5 Qxd2+ 12. Bxd2 Nh7 13. e6 Nf6 14. exf7+ Kxf7 15. Bd3 Rh6 16. Nh3 Rh8 17. Ng5+ Ke8 18. Bxg6+ Kd7 19. 0-0-0 Nd5 20. Bf5+ e6 21. Nxe6 Bh6 22. Nxd5 Bxd2+ 23. Rxd2 cxd5 24. Rxd5+ Ke7 25. Re1 Kf6 26. Nc5 Bc8 27. Bd3 b4 28. Rd6+ Kg7 29. Re7+ Kf8 30. Rc7 1-0